000 00732nam a2200277Ia 4500
001 A6008
003 IT-RoPAU
008 130308s9999 xx 000 0 und d
040 _aIT-RoPAU
040 _cIT-RoPAU
041 _aITALIANO
100 _aBrownlow Kevin
100 _gCodice Aut. SPICS: 8758
245 _aKolossal in crisi
245 _bCineamerica 1919-1929: Alle Fonti del Mito
250 _a1a ed.
260 _aROMA
260 _bLa Meridiana
260 _c1991 [1° Ed.:1991 - Ed.Ling.Originale:1991]
300 _a"5 p. (prefazione: no ; testo: 5 [pagine: 147-151])"
650 _aSTORIA NAZIONALE DEL CINEMA
650 _eCodice materia Spics: 6809
942 _cBK
957 _71
999 _c83477
_d83477
999 _g1